De santones y hechiceros / (Registro nro. 2674)

Detalles MARC
000 -LEADER
fixed length control field 01660nam a2200193 a 4500
008 - CAMPO DE CONTROL (LIBRO)
fixed length control field 120515t1982 ag |||g |||| 001 0 spa d
020 ## - INTERNATIONAL STANDARD BOOK NUMBER
ISBN 950654
041 ## - CODIGO DE IDIOMA
Código de idioma del texto/pista de sonido o título separado spa
092 ## - SIGNATURA TOPOGRAFICA DEWEY LOCAL
número de clasificación 808
libristica 65
sección PAD
100 1# - ENTRADA PRINCIPAL--NOMBRE PERSONAL
Nombre personal Padilla, Lila
9 (RLIN) 3525
245 #3 - TITULO PROPIAMENTE DICHO
Título De santones y hechiceros /
Mención de responsabilidad y remanente de la transcripción de la portada Lila Padilla
250 ## - MENCION DE EDICION
Mención de edición 1a ed.
260 ## - PIE DE IMPRENTA
Lugar de publicación, distribución, etc Buenos Aires:
Nombre de la editorial, distribuidor, etc Enrique S. Rueda Editor;
Fecha de publicación 1982.
300 ## - DESCRIPCION FISICA
Extension 182 p.
500 ## - NOTA GENERAL
Nota general Padilla, L. (1982). De santones y hechiceros. (1a ed.). Buenos Aires : Enrique S. Rueda editor.
505 ## - NOTA DE CONTENIDO
Nota de contenido formateada Novela tensa, dramática, de acertada trama, Lila Padilla retoma en "De santones y hechiceros" personajes que nos son familiares pues Osvaldo y el profesor nacieron en "De arcángeles y demonios". Sin embargo, el clima es otro; ya no la ciudad sino un vallecito tucumano apeñuscado entre serranías, donde habita un pequeño conglomerado social, lo suficientemente numeroso como para mostrar que en todos que en cada uno el bien y el mal coexisten como faces de una misma moneda. La nobleza del agonista contrastando con el ambiente, las gentes posesas de miedos, supersticiones, horrores del más allá, Isidora y el profesor, revelando que ignaros o cultos destruyen cuanto los rodea cuando la perversidad o el odio los convulsionan confieren al libro un todo muy singular. Criaturas que transitan por las páginas en carne y en entraña, se las oye respirar, o tiemblan sus palabras con la carga de tensiones. Excelente el diálogo jugado entre el hablar culto y el natural del resto, unido al encanto de las descripciones del paisaje, esta novela puede esperar la franca adhesión del lector.
655 ## - MATERIA - GENERO/FORMA
Género/Forma Novela
-- 3091
942 ## - ADDED ENTRY ELEMENTS (KOHA)
Source of classification or shelving scheme Dewey Decimal Classification
Item type Libros
Existencias
Estado de retiro Existencia Fuente de clasificación Estado general No para prestamo Ubicación permanente ubicación actual Sala de ubicación Fecha de adquisición Fuente de adquisición Total Checkouts Total Renewals Número de clasificación Código de barras Date last seen Date last borrowed Número de ejemplar Price effective from Koha tipo de elemento (item) Public note
    Dewey Decimal Classification     Biblioteca Medicina Biblioteca Medicina Circulación 06/03/2018 Donación Dr. Julio Arce, Marzo 2018. 1 1 808 65 PAD 4191 13/12/2018 23/11/2018 Ej. 1 06/03/2018 LITERATURA Proyecto 4to libro. Donación Dr. Julio Arce, Marzo 2018.

UNIVERSIDAD NACIONAL DEL COMAHUE
Biblioteca de la Facultad de Ciencias Médicas
Sede Toschi: Los Arrayanes y Av. Toschi, Cipolletti  - Rio Negro
Sede Los Tordos:  Yrigoyen al 2211, Cipolletti - Rio Negro 

Teléfono: 0299 - 4774707 int 25
Contacto: biblioteca@facimed.uncoma.edu.ar
© 2011 - 2026